|
|
|
|
| LEADER |
00732nam a2200217Ia 4500 |
| 001 |
CTU_129323 |
| 008 |
210402s9999 xx 000 0 und d |
| 020 |
|
|
|c 45000
|
| 082 |
|
|
|a 445
|
| 082 |
|
|
|b T502
|
| 100 |
|
|
|a Phạm, Tuấn
|
| 245 |
|
0 |
|a 500 bài tập có hướng dẫn văn phạm tiếng Pháp kèm lời giải =
|
| 245 |
|
0 |
|b Grammaire progressive du francais avec 500 exercices
|
| 245 |
|
0 |
|c Phạm Tuấn và Trần Hữu Tâm
|
| 260 |
|
|
|a Thành phố Hồ Chí Minh
|
| 260 |
|
|
|b Thanh niên
|
| 260 |
|
|
|c 2006
|
| 650 |
|
|
|a French language,Tiếng Pháp
|
| 650 |
|
|
|x Grammar,Ngữ pháp
|
| 904 |
|
|
|i Giang
|
| 980 |
|
|
|a Trung tâm Học liệu Trường Đại học Cần Thơ
|